Govt. of
Madhya Pradesh

Fun With Plants (Record no. 49392)

MARC details
000 -LEADER
fixed length control field 003300000a22001450004500
001 - CONTROL NUMBER
control field 000085
003 - CONTROL NUMBER IDENTIFIER
control field MACL
040 ## - CATALOGING SOURCE
Original cataloging agency MACL
090 ## - LOCALLY ASSIGNED LC-TYPE CALL NUMBER (OCLC); LOCAL CALL NUMBER (RLIN)
-- 85
-- 85
245 ## - TITLE STATEMENT
Title Fun With Plants
Remainder of title Science Improvement Series
260 ## - PUBLICATION, DISTRIBUTION, ETC. (IMPRINT)
Place of publication, distribution, etc. Vikas Publishing House,
Date of publication, distribution, etc. 1998
350 ## - PRICE (NR) (BK AM CF MU VM SE) [OBSOLETE]
Price 16
650 ## - SUBJECT ADDED ENTRY--TOPICAL TERM
Topical term or geographic name as entry element Technology Appllied Science
942 ## - ADDED ENTRY ELEMENTS (KOHA)
Call number prefix 632
Koha item type Library Membar

No items available.